00669nam a2200205Ia 4500003000900000008004100009020001800050040001600068080001700084100002600101245010400127260001700231300001000248650004100258650003300299650001700332942000700349999001500356952009200371IN-BaIIA211028s9999 xx 000 0 eng d a0-385-15936-6 cIIA Library a(038)52bILL aIllingworth, V911267 4aThe MacMillan dictionary of AstronomycV. Illingworth  aLondonc1979 a378p. aAstronomy and Astrophysics Thesaurus aAstronomy-Dictionaries93636 aDictionaries cBK c6580d6580 00104070aBANbBANcGENd1980-10-09l0o(038)52/ILLp7316r2021-11-05w1980-10-09yBK